00514nam a2200181 b 4500003000500000005001700005007000300022008004100025020002900066040002300095082001400118100001800132245007400150260003600224300002900260650002600289650001700315322820230810124846.0ta210816s9999 xx 000 0 und d a9781847670946cPaperback aRDAbEnglishc3228 a920 OBAM  aObama, Barack 0aDreams from my father: a story of race and inheritance/cBarack Obama aNew York:bRandom House,c2004. axvii; 442 pages.c20 cm. aRacially mixed people aObama,Barack